[Event "Titled Tuesday intern op 14th April"]
[Site "Chess.com INT"]
[Date "2020.04.14"]
[Round "1"]
[White "Wagh, Suyog"]
[Black "Wan, Caleb"]
[Result "1-0"]
[WhiteElo "2245"]
[BlackElo "2013"]
[PlyCount "115"]
[EventDate "2020.04.14"]
[EventType "swiss (blitz)"]
[EventRounds "10"]
[EventCountry "USA"]
[SourceTitle "EXT 2021"]
[Source "ChessBase"]
[SourceDate "2020.10.23"]
[SourceVersion "1"]
[SourceVersionDate "2020.10.23"]
[SourceQuality "1"]

1. d4 d5 2. c4 e6 3. Nc3 c6 4. e4 dxe4 5. Nxe4 Bb4+ 6. Bd2 Qxd4 7. Bxb4 Qxe4+ 8. Be2 a5 9. Bc3 Ne7 10. Nf3 0-0 11. 0-0 Nd7 12. Bd3 Qg4 13. h3 Qh5 14. Qe2 Ng6 15. Bc2 b6 16. Rfe1 Bb7 17. Rad1 Rad8 18. Kh2 Qc5 19. Rd2 Qe7 20. Red1 c5 21. Be4 Bxe4 22. Qxe4 Nf6 23. Qc6 Rb8 24. Ne5 Rfc8 25. Qf3 Nxe5 26. Bxe5 Ra8 27. Rd6 Rd8 28. Qc6 Rac8 29. Qxb6 Rxd6 30. Rxd6 Ne4 31. Rd3 Nxf2 32. Rf3 Ne4 33. Qxa5 f6 34. Bf4 e5 35. Be3 Kf7 36. Rf1 Nd6 37. Qc3 Qc7 38. Kh1 Ne4 39. Qd3 Qc6 40. Rd1 Rc7 41. Bg1 Ng3+ 42. Qxg3 g6 43. Qd3 Ke6 44. Qd5+ Qxd5 45. Rxd5 Rb7 46. b3 Ra7 47. Rd2 Kf5 48. Bxc5 Rc7 49. Bg1 Kg5 50. c5 Kh4 51. b4 f5 52. b5 g5 53. c6 Rf7 54. b6 g4 55. c7 h5 56. c8Q e4 57. Qd8+ Kg3 58. Bh2# 1-0

[Event "Titled Tuesday intern op 14th April"]
[Site "Chess.com INT"]
[Date "2020.04.14"]
[Round "5"]
[White "Wan, Caleb"]
[Black "Dragomirescu, Robin Alexandru"]
[Result "1-0"]
[WhiteElo "2013"]
[BlackElo "2337"]
[PlyCount "38"]
[EventDate "2020.04.14"]
[EventType "swiss (blitz)"]
[EventRounds "10"]
[EventCountry "USA"]
[SourceTitle "EXT 2021"]
[Source "ChessBase"]
[SourceDate "2020.10.23"]
[SourceVersion "1"]
[SourceVersionDate "2020.10.23"]
[SourceQuality "1"]

1. e4 g6 2. d4 Nf6 3. Nc3 d5 4. e5 Ne4 5. Bd3 Nxc3 6. bxc3 c5 7. Nf3 Bg4 8. h3 Bxf3 9. Qxf3 Nc6 10. Be3 Bg7 11. 0-0 0-0 12. Rab1 c4 13. Be2 b6 14. g4 Qd7 15. Qg3 e6 16. f4 f6 17. exf6 Rxf6 18. Rbe1 Raf8 19. Bc1 R6f7 1-0

[Event "Titled Tuesday intern op 14th April"]
[Site "Chess.com INT"]
[Date "2020.04.14"]
[Round "6"]
[White "Wan, Caleb"]
[Black "Neelash, Saha"]
[Result "1/2-1/2"]
[WhiteElo "2013"]
[BlackElo "2413"]
[PlyCount "94"]
[EventDate "2020.04.14"]
[EventType "swiss (blitz)"]
[EventRounds "10"]
[EventCountry "USA"]
[SourceTitle "EXT 2021"]
[Source "ChessBase"]
[SourceDate "2020.10.23"]
[SourceVersion "1"]
[SourceVersionDate "2020.10.23"]
[SourceQuality "1"]

1. e4 c6 2. c4 d5 3. cxd5 cxd5 4. exd5 Nf6 5. Qa4+ Bd7 6. Qb3 Qc7 7. Nc3 a6 8. a4 Bf5 9. Nf3 Nbd7 10. d4 Rd8 11. a5 g6 12. Be2 Bg7 13. 0-0 0-0 14. g3 Ne4 15. Bf4 Nd6 16. Rfc1 Qb8 17. Ne5 Nf6 18. g4 Bd7 19. h3 Qa7 20. Rd1 Nfe4 21. Bf3 Nf6 22. Rac1 Bb5 23. Kg2 Nfe8 24. Ne4 Nxe4 25. Bxe4 Nd6 26. Bf3 Rc8 27. Qb4 Rxc1 28. Rxc1 f6 29. Rc7 fxe5 30. Bxe5 Bxe5 31. dxe5 Be2 32. exd6 Bxf3+ 33. Kg3 Bxd5 34. Qd2 e6 35. f4 Qb8 36. Qc3 e5 37. Qxe5 Bf7 38. d7 Qd8 39. Rxb7 Bc4 40. Rc7 Bb5 41. Qd5+ Kg7 42. Qe5+ Kg8 43. Qd5+ Kg7 44. Qe5+ Kf7 45. Qd5+ Ke7 46. Qe5+ Kf7 47. Qd5+ Kg7 1/2-1/2